000 00683nam a2200289Ia 4500
001 Z_2060
003 CHAP
008 220113s1985 xx 000 0 und d
010 _a165133
040 _cCHAP
090 _aFolleto 295y
100 _aStrande, Yan-Eric
_9109947
245 _aEl anestro de la yegua /
_cpor Yan-Eric Strande
260 _aMontevideo, Uruguay :
_bEd. Agropecuaria,
_c1985
300 _a63 p.
440 _a
500 _aFotocopìa
503 _a
650 _aCiclo estrual I. t.
_9138799
650 _aGanado caballar
_944967
901 _aFolleto 295y
902 _aA
910 _a1985
942 _cc14
942 _cc14
999 _c165133
_d165133